|
|
|
|
| LEADER |
01479nam a2200337 i 4500 |
| 001 |
8344 |
| 003 |
BD-DhAAL |
| 005 |
20160723143236.0 |
| 008 |
151114r19711929enk 00011 eng d |
| 015 |
|
|
|a B7121701
|
| 020 |
|
|
|a 0099910101
|
| 020 |
|
|
|a 9846431384
|
| 020 |
|
|
|a 0435179403
|c L.0.75
|
| 035 |
|
|
|a 2891386
|
| 040 |
|
|
|a ANL
|b eng
|d ANL
|d BD-DhAAL
|
| 082 |
0 |
|
|a 823/.9/1
|2 18
|
| 100 |
1 |
|
|a Hemingway, Ernest,
|d 1899-1961.
|9 5676
|
| 245 |
1 |
2 |
|a A farewell to arms /
|c Ernest Hemingway ; with a commentary by Tony Tanner.
|
| 260 |
|
|
|a London :
|b Heinemann Educational,
|b Arrow Books,
|c c1929.
|
| 300 |
|
|
|a 293 p. ;
|c 18 cm.
|
| 490 |
|
|
|a Modern novel series
|
| 500 |
|
|
|a Fiction in English, 1900-. Texts (BNB/PRECIS)
|
| 500 |
|
|
|a Originally published, New York: Scribner; London: Cape, 1929.
|
| 504 |
|
|
|a bibl p317.
|
| 541 |
|
|
|e 8344
|
| 650 |
|
|
|a World War, 1914-1918
|v Fiction
|9 16146
|
| 942 |
|
|
|2 ddc
|c BK
|
| 999 |
|
|
|c 36136
|d 36136
|
| 952 |
|
|
|0 0
|1 0
|2 ddc
|4 0
|6 823_000000000000000__9_1_HEM
|7 0
|9 56812
|a SCL
|b SCL
|c GEN
|d 2015-11-14
|e Gift: Student
|l 13
|m 58
|o 823.91 HEM
|p 3020008344
|r 2026-03-30
|s 2026-02-24
|t 1
|w 2015-11-14
|y BK
|
| 952 |
|
|
|0 0
|1 0
|2 ddc
|4 0
|6 823_000000000000000__9_1_HEM
|7 0
|9 59408
|a SCL
|b SCL
|c GEN
|d 2016-07-23
|g 100.00
|l 11
|m 60
|o 823.91 HEM
|p 3020008750
|r 2020-03-11
|s 2020-01-16
|t 2
|w 2016-07-23
|y BK
|
| 952 |
|
|
|0 0
|1 0
|2 ddc
|4 0
|6 823_000000000000000__9_1_HEM
|7 0
|9 61807
|a SCL
|b SCL
|c GEN
|d 2017-11-07
|l 1
|m 10
|o 823.91 HEM
|p 3020007265
|q 2020-05-04
|r 2017-11-07
|s 2017-11-07
|t 3
|w 2017-11-07
|y BK
|